000 00699cam a22001577a 4500
008 180718b1921 xxu||||| |||| 00| 0 eng d
082 _aA B053 En19
245 _aEncyclopaedia of religion and ethics
_cedited by James Hastings
260 _aEdinburgh
_bT. & T. Clark
_c1921
300 _av
500 _aContents; v.1., 903p.; v.2., 901p.; v.3., 901p.; v.4., 907p.; v.5., 908p.; v.6., 890p.; v.7. Hymns-Liberty, 911p.; v.8. Life and death-Mulla, 910p.; v.9., 911p.; v.10. Picts-Sacraments, 915p.; v.11., 916p.; v.12. Suffering-Zwingli, 876p.; v.13., 757p.
650 _aTheology --Dictionaries
650 _aEthics --Dictionaries
650 _aReligion --Dictionaries
700 _aHastings, James
999 _c436141
_d436141